00933nam a2200277 a 450000100100000000500170001000800410002702000150006804000250008304100380010808200180014610000210016424000360018524501550022126000310037630000280040753400460043565000110048165000180049265000100051065000170052065000330053770000300057070000280060070000270062800002332420240516195916.0101202s1989 sp a 000 0 spa d z8486344707 aDO-SdBNPbspacBNPHU17aspaheng2Código de idioma MARC a641.56bD537c1 aDiamond, Marilyn10aA new way of eating.lEspañol13aLa cocina de la antidieta /cMarilyn Diamond ; introducción de Harvey Diamond ; ilustraciones de Marilyn Diamond ; traducción de Montserrat Serra. aBarcelona :bUrano,c1989. a139 p. :bil. ;c22 cm. aTítulo original :tA new way of eating. 0aCocina 0aGastronomía 4aDieta 0aNutrición  4aAlimentos naturales (cocina)1 aDiamond, Harvey,eintrod.1 aSerra, Montserrat,etr.1 aDiamond, Marilyn,eil.